000 00329 a2200157 4500
001 191620
020 _a85-305-0318-X
040 _cMagnum
100 _aBarros, Sônia
240 1 0 _aSaudade doída
_lpor
245 1 0 _aSaudade doída
300 _a46
362 0 _a2003
697 _aLITERATURA INFANTO-JUVENIL
942 _cBK
999 _c191620
_d191620